Diseño de un sistema de control difuso para sistemas de primer y segundo orden
Gorde:
| Egile nagusia: | |
|---|---|
| Beste egile batzuk: | |
| Formatua: | Liburua |
| Argitaratua: |
[San José, Costa Rica]
2010
|
| Gaiak: | |
| Etiketak: |
Etiketa erantsi
Etiketarik gabe, Izan zaitez lehena erregistro honi etiketa jartzen!
|
MARC
| LEADER | 00000nam a2200000Ia 4500 | ||
|---|---|---|---|
| 003 | 010072 | ||
| 005 | 20240404100137.0 | ||
| 008 | 140114s2010 cr a 000 ||s d | ||
| 040 | |c cru CEDI | ||
| 090 | |a TFG 6242 | ||
| 100 | |a Campos Lobo, Alberto José , 1983- |9 2877 | ||
| 245 | |a Diseño de un sistema de control difuso para sistemas de primer y segundo orden | ||
| 260 | |b [San José, Costa Rica] |c 2010 | ||
| 500 | |a Proyecto de graduación (bachillerato ingeniería eléctrica)--Universidad de Costa Rica. Facultad de Ingeniería. Escuela de Ingeniería Eléctrica, 2009 | ||
| 501 | |a Profesora Guía de IE-0502 Proyecto Eléctrico: Ing. Aramis Pérez Mora | ||
| 650 | |x CONTROL AUTOMATICO |x CONTROLADORES PID |x SISTEMAS DE CONTROL DIGITAL |9 2858 | ||
| 700 | |a Pérez Mora, Aramis, 1978- |d Director/a de Proyecto Eléctrico |9 1338 | ||
| 942 | |c TFG |h TFG 6242 |i 010072 |6 TFG_6242_010072000000000 | ||
| 999 | |c 15962 |d 15962 | ||
